=LDR 00000nam 2200000 4500 =001 INLIS000000000016217 =005 20130612111504 =008 ***********************************Ind** =035 ##$$0010-061300000016217 =041 ##$$a Ind =082 ##$$a 153.8 =090 ##$$a 153.8, Mos m =100 ##$$a Moslow A.H =245 ##$$a Motivasi dan prilaku, A.H. Moslow =260 ##$$a 1992 $b Semarang =300 ##$$a 103 hlm., 21 cm =650 ##$$a Motivasi =700 ##$$a Likert, Rensis =850 ##$$a NBPNMAT